Deep Learning Illustrated

Sábháilte in:
Sonraí bibleagrafaíochta
Príomhchruthaitheoir: Jon Krohn
Formáid: LEABHAR
Foilsithe / Cruthaithe: Pearson
Ábhair:
Clibeanna: Cuir clib leis
Níl clibeanna ann, Bí ar an gcéad duine le clib a chur leis an taifead seo!

MARC

LEADER 00000nam a2200000Ia 4500
005 20260427112654.0
526 |b Data Science 
100 |a Jon Krohn 
020 |a 9780135116692 
650 |a Deep Learning 
526 |a Bachelors 
942 |c BK 
245 |a Deep Learning Illustrated 
260 |b Pearson 
999 |c 42  |d 42 
952 |0 0  |1 0  |4 0  |7 0  |8 2  |a BRISTOL  |b BRISTOL  |d 2026-04-22  |l 0  |p 000067  |r 2026-04-27 11:26:54  |w 2026-04-27  |y BK